000 00499nam a22001817a 4500
003 CEME
005 20210628202507.0
008 210316b xxu||||| |||| 00| 0 eng d
020 _a0-442-20578-3
040 _c.
082 _a621.3817 MIC'T
100 _aRymeszewski, E.J Tummala, Rao R
_960150
245 _aMicroelectronics packaging handbook
260 _aNEWYORK
_bVAN NOSTRAND
_c1988
300 _a1194P
650 _aMICROELECTRONICS PACKAGING-HANDBOOK,MANUALS
_960151
942 _cBK
_2ddc
999 _c569954
_d569954